000 01379nam a2200373 i 4500
001 bg
003 BPK
005 20221208075706.0
008 990519s1998 pl a f f |000 0 pol
015 _aPB 1999/8049
020 _a8387424684
040 _aWA N
_cBPK
041 0 _apol
080 _a658.1/.5
080 _a005
080 _a69
080 _a(075.8)
100 1 _aBielak, Janusz
_c(budownictwo)
_eAutor
245 1 0 _aInżynier - menedżer w przedsiębiorstwie budowlanym /
_cJanusz Bielak ; [aut. rozdz. 7.4 Sławomir Zwiefka] ; Politechnika Koszalińska.
250 _a[Wyd. 1, dodr.]
260 _aKoszalin :
_bWydaw. Uczelniane PK,
_c2001.
300 _a325 s. :
_b3 wykr. ;
_c24 cm.
504 _aBibliogr. s. 323-325.
521 8 _aSkrypt Wydz. Budownictwa i Inżynierii Środowiska.
650 4 _aBudownictwo
_xorganizacja.
650 4 _aBudownictwo
_xzarządzanie.
655 4 _aPodręczniki akademickie
650 4 _aMenedżerowie
700 1 _aZwiefka, Sławomir.
710 2 _aPolitechnika Koszalińska.
_bWydawnictwo Uczelniane.
_4pbl.
856 _uhttp://dlibra.tu.koszalin.pl/dlibra/docmetadata?id=401&from=&dirids=1&ver_id=&lp=2&QI=
_yBiblioteka Cyfrowa
942 _2UKD
_cKS
856 _uhttp://koha.tu.koszalin.pl/cgi-bin/koha/opac-detail.pl?biblionumber=38941
_yKatalog online BPK
999 _c38941
_d38941